[Event "DEM U16 2010"]
[Site "Oberhof GER"]
[Date "2010.05.23"]
[Round "2"]
[White "Hötte, Philipp"]
[Black "Planner, Jörg"]
[Result "1-0"]
[Termination "normal"]
[Board "13"]
[WhiteElo "1942"]
[BlackElo "1696"]
[PlyCount "127"]
[WhiteFideId "24696390"]
[BlackFideId "1270978"]
[EventCountry "GER"]
[EventRounds "9"]
[EventType "swiss"]
[EventDate "2010.05.22"]

1. c4 c6 2. d4 d5 3. cxd5 cxd5 4. Nf3 Nf6 5. Nc3 Nc6 6. e3 e6 7. Bd3 Be7 8. a3
O-O 9. Bc2 b6 10. Qd3 Nb8 11. b4 Bb7 12. Ne5 Nbd7 13. Bb2 Rc8 14. Rc1 Re8 15.
Ne2 a6 16. Nf4 Nf8 17. Nh3 Ne4 18. O-O f6 19. Nf3 Ng6 20. Bb3 Qd7 21. Nd2 Nxd2
22. Qxd2 f5 23. f4 h6 24. Nf2 a5 25. bxa5 bxa5 26. Qxa5 Ra8 27. Qc3 Rec8 28.
Qd2 Bxa3 29. Bxa3 Rxa3 30. Rxc8+ Bxc8 31. Qb4 Ra8 32. Rc1 Ba6 33. h3 Rc8 34.
Rc5 Ne7 35. Ba4 Qd6 36. Qa5 Rb8 37. Rc7 Rb1+ 38. Kh2 Ra1 39. Rxe7 Qxe7 40. Qxa6
Qe8 41. Bxe8 Rxa6 42. Kg3 Kf8 43. Bb5 Ra2 44. Kf3 Rb2 45. Be2 g5 46. g3 Ke7 47.
Bd1 Rd2 48. Be2 Ra2 49. fxg5 hxg5 50. g4 f4 51. exf4 gxf4 52. Nd3 Rd2 53. h4
Kf6 54. Bf1 Rd1 55. g5+ Kf7 56. Ke2 Ra1 57. Nxf4 Ra2+ 58. Kf3 Ra8 59. Bd3 Rg8
60. g6+ Kg7 61. Nxe6+ Kh6 62. g7 Ra8 63. Kf4 Re8 64. Ke5 1-0

[Event "DEM U16 2010"]
[Site "Oberhof GER"]
[Date "2010.05.23"]
[Round "2"]
[White "Braun, Georg"]
[Black "Bräuer, Franz"]
[Result "1/2-1/2"]
[Termination "normal"]
[Board "14"]
[WhiteElo "2074"]
[BlackElo "1993"]
[PlyCount "82"]
[WhiteFideId "24629383"]
[BlackFideId "24634468"]
[EventCountry "GER"]
[EventRounds "9"]
[EventType "swiss"]
[EventDate "2010.05.22"]

1. e4 e5 2. Nf3 Nc6 3. Bb5 a6 4. Ba4 Nf6 5. O-O Nxe4 6. d4 b5 7. Bb3 d5 8. dxe5
Be6 9. Nbd2 Nc5 10. c3 Be7 11. Bc2 d4 12. cxd4 Nxd4 13. Nxd4 Qxd4 14. Nf3 Qxd1
15. Rxd1 Bg4 16. Be3 O-O 17. Rd5 Ne6 18. Nd4 Nxd4 19. Rxd4 Be6 20. Be4 Rad8 21.
Bc6 Rxd4 22. Bxd4 Rd8 23. Be3 f6 24. Bb7 a5 25. Bf4 fxe5 26. Bxe5 Bf6 27. Bxf6
gxf6 28. Bc6 Rd2 29. Bxb5 Rxb2 30. a4 Bd5 31. g3 c6 32. Bf1 Ra2 33. Rxa2 Bxa2
34. Bg2 c5 35. Kf1 Kf7 36. Ke2 Ke6 37. Kd3 Kd6 38. Kc3 Be6 39. Be4 h6 40. Bc2
Bd5 41. f4 Be6 1/2-1/2

[Event "DEM U16 2010"]
[Site "Oberhof GER"]
[Date "2010.05.24"]
[Round "3"]
[White "Müller, Tobias"]
[Black "Friedrich, Wiede"]
[Result "1-0"]
[Termination "normal"]
[Board "1"]
[WhiteElo "1998"]
[BlackElo "2138"]
[PlyCount "81"]
[WhiteFideId "24643394"]
[BlackFideId "24629537"]
[EventCountry "GER"]
[EventRounds "9"]
[EventType "swiss"]
[EventDate "2010.05.22"]

1. e4 c5 2. Nf3 d6 3. d4 cxd4 4. Nxd4 Nf6 5. Nc3 a6 6. Be2 Nc6 7. Nb3 b5 8. Be3
e6 9. a3 Be7 10. O-O Ne5 11. Nd2 h5 12. h3 Bb7 13. f4 Ned7 14. Bf3 Qc7 15. Qe2
Rd8 16. Rad1 Nc5 17. Rfe1 h4 18. Bf2 e5 19. Nd5 Bxd5 20. exd5 exf4 21. c4 Qd7
22. cxb5 Kf8 23. bxa6 Re8 24. Qc4 g5 25. b4 Na4 26. Qc6 Nb2 27. a7 Nxd1 28.
Rxd1 Kg7 29. Bd4 Qf5 30. Be4 Qc8 31. b5 g4 32. b6 gxh3 33. b7 h2+ 34. Kh1 Qg4
35. Bf3 Qg6 36. a8=Q h3 37. Qaxe8 hxg2+ 38. Bxg2 Rxe8 39. Qxe8 Qc2 40. Bxf6+
Bxf6 41. b8=Q 1-0

[Event "DEM U16 2010"]
[Site "Oberhof GER"]
[Date "2010.05.24"]
[Round "3"]
[White "Mons, Leon"]
[Black "Dünzel, Jonas"]
[Result "0-1"]
[Termination "normal"]
[Board "3"]
[WhiteElo "2167"]
[BlackElo "2037"]
[PlyCount "92"]
[WhiteFideId "4614950"]
[BlackFideId "24631167"]
[EventCountry "GER"]
[EventRounds "9"]
[EventType "swiss"]
[EventDate "2010.05.22"]

1. e4 c5 2. Nf3 d6 3. Bb5+ Nc6 4. Bxc6+ bxc6 5. O-O e5 6. c3 Nf6 7. Re1 Be7 8.
d4 cxd4 9. cxd4 Nd7 10. b3 O-O 11. Bb2 f6 12. Nbd2 Nb6 13. Rc1 Bb7 14. Qc2 Rc8
15. Red1 Qe8 16. Nf1 Qf7 17. Ne3 Rfd8 18. Ba3 Bf8 19. Rd2 exd4 20. Nxd4 c5 21.
Nb5 Qe6 22. Nc3 Re8 23. f3 g6 24. Ned5 Bh6 25. Rdd1 Bxc1 26. Qxc1 Nxd5 27. Nxd5
Bxd5 28. Rxd5 Rc6 29. Qc4 Rb6 30. Bb2 Kf7 31. Bc3 a6 32. Kf2 Kf8 33. Qd3 Rc6
34. Bb2 Re7 35. Bc1 Rf7 36. Ba3 Rfc7 37. Qc3 Ke8 38. Bb2 Rf7 39. b4 f5 40. bxc5
fxe4 41. Rxd6 Qxd6 42. cxd6 Rxc3 43. Bxc3 exf3 44. gxf3 Kd7 45. Be5 Rf5 46. f4
g5 0-1

[Event "DEM U16 2010"]
[Site "Oberhof GER"]
[Date "2010.05.24"]
[Round "3"]
[White "Bräuer, Franz"]
[Black "Sarchisov, Slavik"]
[Result "1-0"]
[Termination "normal"]
[Board "4"]
[WhiteElo "1993"]
[BlackElo "2102"]
[PlyCount "47"]
[WhiteFideId "24634468"]
[BlackFideId "24647888"]
[EventCountry "GER"]
[EventRounds "9"]
[EventType "swiss"]
[EventDate "2010.05.22"]

1. e4 c5 2. Nf3 d6 3. c3 Nf6 4. Bd3 g6 5. Bc2 Bg7 6. h3 O-O 7. O-O Nc6 8. d4
cxd4 9. cxd4 e5 10. d5 Ne7 11. Nc3 Ne8 12. a4 f5 13. Ng5 fxe4 14. Bxe4 Nf6 15.
Bf3 h6 16. Nge4 Nf5 17. Nxf6+ Qxf6 18. Be4 Qh4 19. Qd3 Bd7 20. Bd2 Rf7 21. Nb5
Raf8 22. Bb4 Bxb5 23. axb5 Ng3 24. fxg3 1-0

[Event "DEM U16 2010"]
[Site "Oberhof GER"]
[Date "2010.05.24"]
[Round "3"]
[White "Miller, Eduard"]
[Black "Pauly, Carlo"]
[Result "1-0"]
[Termination "normal"]
[Board "5"]
[WhiteElo "2033"]
[BlackElo "2040"]
[PlyCount "81"]
[WhiteFideId "24687022"]
[BlackFideId "24673269"]
[EventCountry "GER"]
[EventRounds "9"]
[EventType "swiss"]
[EventDate "2010.05.22"]

1. e4 c5 2. Nf3 d6 3. d4 cxd4 4. Nxd4 Nf6 5. Nc3 a6 6. Bc4 e6 7. Bb3 Nbd7 8. f4
Nc5 9. O-O Qc7 10. Qe2 h5 11. e5 Nxb3 12. axb3 dxe5 13. fxe5 Bc5 14. exf6 Bxd4+
15. Kh1 Bxf6 16. Nd5 Qe5 17. Nxf6+ gxf6 18. Qf3 f5 19. Bd2 Qe4 20. Qg3 Bd7 21.
Qg7 O-O-O 22. Rae1 Qd5 23. Rf2 h4 24. h3 Rhg8 25. Qxf7 Rg3 26. Bf4 Rxh3+ 27.
Kg1 Rg3 28. c4 Qc6 29. Bxg3 hxg3 30. Rd2 Qc5+ 31. Kf1 Kb8 32. Qg7 Bc8 33. Qxg3+
Qc7 34. Qxc7+ Kxc7 35. Rxd8 Kxd8 36. b4 Kc7 37. Rd1 Bd7 38. c5 f4 39. Rd4 e5
40. Re4 f3 41. g3 1-0

[Event "DEM U16 2010"]
[Site "Oberhof GER"]
[Date "2010.05.24"]
[Round "3"]
[White "Hager, Joshua Aarash"]
[Black "Kügel, Tobias"]
[Result "1-0"]
[Termination "normal"]
[Board "6"]
[WhiteElo "2221"]
[BlackElo "1939"]
[PlyCount "51"]
[WhiteFideId "24642789"]
[BlackFideId "4636295"]
[EventCountry "GER"]
[EventRounds "9"]
[EventType "swiss"]
[EventDate "2010.05.22"]

1. d4 d5 2. c4 c6 3. Nc3 Nf6 4. Nf3 g6 5. e3 Bg7 6. Be2 Be6 7. Ng5 Bf5 8. O-O
Nbd7 9. cxd5 cxd5 10. g4 h6 11. Nxf7 Kxf7 12. gxf5 gxf5 13. Qb3 Qb6 14. Qxb6
Nxb6 15. a4 a6 16. a5 Nbd7 17. f3 e5 18. Nxd5 exd4 19. Nf4 Ne8 20. Bc4+ Kf6 21.
exd4 Nd6 22. Bd5 h5 23. Rf2 Nf8 24. Rg2 Rc8 25. Be3 Nc4 26. Bf2 1-0

[Event "DEM U16 2010"]
[Site "Oberhof GER"]
[Date "2010.05.24"]
[Round "3"]
[White "Zimmermann, Ulrich"]
[Black "Kropman, Alexei"]
[Result "1-0"]
[Termination "normal"]
[Board "7"]
[WhiteElo "2022"]
[BlackElo "1980"]
[PlyCount "67"]
[WhiteFideId "24654523"]
[BlackFideId "24670723"]
[EventCountry "GER"]
[EventRounds "9"]
[EventType "swiss"]
[EventDate "2010.05.22"]

1. e4 e5 2. Nf3 Nc6 3. Nc3 Nf6 4. d4 exd4 5. Nxd4 Bb4 6. Nxc6 bxc6 7. Bd3 d5 8.
exd5 cxd5 9. O-O O-O 10. Bg5 c6 11. Qf3 Rb8 12. Na4 Be7 13. h3 Rb4 14. b3 Be6
15. c3 Rb8 16. Rad1 h6 17. Bf4 Bd6 18. Rfe1 c5 19. c4 d4 20. Re2 Re8 21. Rde1
Rc8 22. Nb2 Bxf4 23. Qxf4 Qa5 24. Bb1 Qb6 25. Na4 Qa5 26. Nb2 Qb6 27. Na4 Qa5
28. Bf5 Bxf5 29. Qxf5 Red8 30. Rd1 Rc6 31. Re5 Nd7 32. Re7 Rf6 33. Qd5 Qc7 34.
Nxc5 1-0

[Event "DEM U16 2010"]
[Site "Oberhof GER"]
[Date "2010.05.24"]
[Round "3"]
[White "Wenninger, Philipp"]
[Black "Hötte, Philipp"]
[Result "1-0"]
[Termination "normal"]
[Board "8"]
[WhiteElo "1996"]
[BlackElo "1942"]
[PlyCount "81"]
[WhiteFideId "4648404"]
[BlackFideId "24696390"]
[EventCountry "GER"]
[EventRounds "9"]
[EventType "swiss"]
[EventDate "2010.05.22"]

1. d4 Nf6 2. c4 g6 3. Nc3 Bg7 4. Nf3 O-O 5. Bg5 c5 6. d5 d6 7. e3 a6 8. Be2 Bf5
9. Nd2 h6 10. Bh4 g5 11. Bg3 Nbd7 12. O-O b5 13. cxb5 axb5 14. Bxb5 Rb8 15. a4
Ne8 16. Nc4 Nc7 17. Na5 Nxb5 18. axb5 Qb6 19. Nc6 Rbe8 20. Ra6 Qb7 21. Ra7 Qc8
22. Qe2 Bf6 23. Na4 h5 24. b6 Nb8 25. Nxb8 Qxb8 26. e4 Bg6 27. f4 e6 28. dxe6
fxe6 29. e5 Bd8 30. Qb5 h4 31. Qd7 Be7 32. Qxe6+ Bf7 33. Qh6 dxe5 34. Rxe7 Rxe7
35. Qxg5+ Bg6 36. Qxe7 hxg3 37. Qe6+ Kg7 38. hxg3 exf4 39. gxf4 Rxf4 40. Qe7+
Kh6 41. Qe3 1-0

[Event "DEM U16 2010"]
[Site "Oberhof GER"]
[Date "2010.05.24"]
[Round "3"]
[White "Wolf, Christoph"]
[Black "Hampel, Felix"]
[Result "0-1"]
[Termination "normal"]
[Board "9"]
[WhiteElo "1980"]
[BlackElo "2038"]
[PlyCount "136"]
[WhiteFideId "24650633"]
[BlackFideId "24668125"]
[EventCountry "GER"]
[EventRounds "9"]
[EventType "swiss"]
[EventDate "2010.05.22"]

1. c4 g6 2. g3 Bg7 3. Bg2 e5 4. Nc3 f5 5. d3 Nf6 6. Nf3 d6 7. O-O O-O 8. Rb1
Nc6 9. b4 h6 10. b5 Ne7 11. h4 Nh5 12. e3 f4 13. Ne4 Bg4 14. Qe1 Qd7 15. Kh2
Rf7 16. Ng1 Raf8 17. f3 fxg3+ 18. Nxg3 Nxg3 19. Qxg3 Be6 20. e4 Kh7 21. Ne2 Bf6
22. Bh3 Ng8 23. Bxe6 Qxe6 24. Kg2 Qe7 25. Rh1 Bg7 26. Be3 Nf6 27. Bg5 Qe6 28.
Bxf6 Rxf6 29. Rbf1 h5 30. Ng1 Bh6 31. Nh3 Qd7 32. Ng5+ Kg7 33. Qh3 Qe7 34. Rf2
Kg8 35. Kf1 Rb8 36. Rhh2 c6 37. bxc6 bxc6 38. Rb2 Rff8 39. Qg3 Qf6 40. Rxb8
Rxb8 41. Rd2 Bxg5 42. hxg5 Rb1+ 43. Kg2 Qf7 44. Qh3 Qe7 45. Qg3 Qb7 46. f4 Qb6
47. Qf2 exf4 48. Qxb6 axb6 49. Kf3 Rf1+ 50. Kg2 Rb1 51. Kf3 Rg1 52. Rb2 Rxg5
53. Rxb6 h4 54. Rb2 Kf7 55. Kxf4 Rg3 56. Rh2 g5+ 57. Kf5 h3 58. a4 g4 59. a5
Rg2 60. Rh1 h2 61. a6 g3 62. Kg4 Rg1 63. a7 Rxh1 64. a8=Q g2 65. Qb7+ Kg6 66.
Qe7 g1=Q+ 67. Kh4 Qf2+ 68. Kh3 Qf3+ 0-1

[Event "DEM U16 2010"]
[Site "Oberhof GER"]
[Date "2010.05.24"]
[Round "3"]
[White "Berchtenbreiter, Maximilian"]
[Black "Mirke, Roy"]
[Result "1-0"]
[Termination "normal"]
[Board "10"]
[WhiteElo "2262"]
[BlackElo "1797"]
[PlyCount "79"]
[WhiteFideId "24641120"]
[BlackFideId "24647306"]
[EventCountry "GER"]
[EventRounds "9"]
[EventType "swiss"]
[EventDate "2010.05.22"]

1. e4 e6 2. d4 d5 3. Nc3 Nf6 4. e5 Nfd7 5. f4 c5 6. Nf3 Nc6 7. Be3 b6 8. Qd2
Bb7 9. Be2 g6 10. O-O Be7 11. Nd1 Qc7 12. c3 a6 13. Bf2 h6 14. Bh4 O-O-O 15.
Bxe7 Nxe7 16. Ne3 Rdg8 17. Bd3 Nf5 18. g4 Nxe3 19. Qxe3 h5 20. h3 hxg4 21. hxg4
Rh3 22. Kg2 Rgh8 23. Rh1 Rxh1 24. Rxh1 Rxh1 25. Kxh1 c4 26. Bc2 Bc6 27. f5 gxf5
28. gxf5 Nf8 29. Qh6 Qe7 30. f6 Qe8 31. Qg7 Nd7 32. Bh7 Nc5 33. dxc5 d4 34. Kg2
d3 35. Kf2 Bxf3 36. Kxf3 Qc6+ 37. Be4 Qd7 38. Qf8+ Kc7 39. cxb6+ Kxb6 40. Qb8+
1-0

[Event "DEM U16 2010"]
[Site "Oberhof GER"]
[Date "2010.05.24"]
[Round "3"]
[White "Frischmann, Rick"]
[Black "Brodmann, Anton"]
[Result "1-0"]
[Termination "normal"]
[Board "11"]
[WhiteElo "1948"]
[BlackElo "1844"]
[PlyCount "87"]
[WhiteFideId "24660752"]
[BlackFideId "24655481"]
[EventCountry "GER"]
[EventRounds "9"]
[EventType "swiss"]
[EventDate "2010.05.22"]

1. e4 e6 2. Nf3 d5 3. e5 c5 4. b4 c4 5. c3 Nc6 6. d3 cxd3 7. Bxd3 g6 8. O-O Bg7
9. Qc2 Nge7 10. Na3 O-O 11. Nb5 f6 12. exf6 Bxf6 13. Bh6 Re8 14. Nbd4 e5 15.
Nxc6 Nxc6 16. Bb5 a6 17. Bxc6 bxc6 18. Be3 a5 19. b5 e4 20. Nd4 c5 21. Nc6 Qb6
22. Rad1 Be6 23. Qb2 Bd7 24. Rxd5 Bxc6 25. Rxc5 Bd7 26. Rc6 Qd8 27. Qb3+ Kg7
28. Rd1 Bxc6 29. Rxd8 Rexd8 30. bxc6 Rab8 31. Qc2 Rbc8 32. h4 Rxc6 33. Qxe4
Rdc8 34. h5 Rxc3 35. h6+ Kf8 36. Qd5 Be7 37. Bd4 Rc1+ 38. Kh2 R8c6 39. Bg7+ Ke8
40. Qg8+ Kd7 41. Qxh7 Re6 42. Qg8 Bd6+ 43. g3 Ree1 44. h7 1-0

[Event "DEM U16 2010"]
[Site "Oberhof GER"]
[Date "2010.05.24"]
[Round "3"]
[White "Schmitz, Stefan"]
[Black "Mertens, Fridolin"]
[Result "0-1"]
[Termination "normal"]
[Board "12"]
[WhiteElo "1908"]
[BlackElo "1877"]
[PlyCount "110"]
[WhiteFideId "4625730"]
[BlackFideId "24671940"]
[EventCountry "GER"]
[EventRounds "9"]
[EventType "swiss"]
[EventDate "2010.05.22"]

1. e4 c5 2. Nf3 d6 3. d4 cxd4 4. Nxd4 Nf6 5. Nc3 a6 6. f3 e5 7. Nb3 Be6 8. Be3
Be7 9. Qd2 O-O 10. O-O-O Nbd7 11. g4 b5 12. g5 Nh5 13. Ne2 f5 14. exf5 Bxf5 15.
Ng3 Bg6 16. Bd3 Nf4 17. Bxg6 hxg6 18. h4 Nb6 19. Bxf4 Rxf4 20. Qd3 Rxh4 21.
Rxh4 Bxg5+ 22. Kb1 Bxh4 23. Qxg6 Qf6 24. Qg4 Bxg3 25. Qxg3 Nc4 26. Nd2 Nxd2+
27. Rxd2 Rf8 28. Rg2 Rf7 29. a3 Qxf3 30. Qg6 Qf6 31. Qg4 Qf1+ 32. Ka2 Qc4+ 33.
Qxc4 bxc4 34. Rd2 Rd7 35. Rd5 Kf7 36. a4 Ke6 37. Rd2 g5 38. Kb1 d5 39. Kc1 d4
40. Rf2 e4 41. Kd1 Ke5 42. Ke1 e3 43. Rf8 d3 44. cxd3 cxd3 45. Re8+ Kf4 46.
Rf8+ Kg3 47. Re8 e2 48. Re3+ Kf4 49. Kd2 g4 50. Re8 Rd4 51. Rf8+ Kg3 52. Re8
Kf3 53. Rf8+ Rf4 54. Re8 Re4 55. Rf8+ Kg2 0-1

[Event "DEM U16 2010"]
[Site "Oberhof GER"]
[Date "2010.05.24"]
[Round "3"]
[White "Grzeca, Pascal"]
[Black "Planner, Jörg"]
[Result "0-1"]
[Termination "normal"]
[Board "13"]
[WhiteElo "1887"]
[BlackElo "1696"]
[PlyCount "76"]
[WhiteFideId "24600741"]
[BlackFideId "1270978"]
[EventCountry "GER"]
[EventRounds "9"]
[EventType "swiss"]
[EventDate "2010.05.22"]

1. e4 c6 2. d4 d5 3. e5 Bf5 4. Nf3 e6 5. Be2 c5 6. Be3 Nd7 7. O-O Ne7 8. Re1
Nc6 9. Nbd2 Nb4 10. Rf1 Nxc2 11. Rc1 cxd4 12. Bxd4 Nxd4 13. Nxd4 Bg6 14. Qa4 a6
15. Rc3 b5 16. Qb3 Qb6 17. Rfc1 Bc5 18. Nxb5 axb5 19. Bxb5 O-O 20. Bxd7 Bxf2+
21. Kf1 Qxb3 22. Rxb3 Bh4 23. Nf3 Bd8 24. a4 Ba5 25. Nd4 Bd2 26. Rc7 Bf4 27.
Nc6 h5 28. g3 Bh6 29. Rbb7 Kh7 30. a5 d4 31. b4 d3 32. Nd4 f6 33. Nb3 fxe5+ 34.
Ke1 e4 35. Bxe6 e3 36. Re7 d2+ 37. Nxd2 exd2+ 38. Ke2 Bd3+ 0-1

[Event "DEM U16 2010"]
[Site "Oberhof GER"]
[Date "2010.05.24"]
[Round "3"]
[White "Titgemeyer, Sven"]
[Black "Braun, Georg"]
[Result "1/2-1/2"]
[Termination "normal"]
[Board "14"]
[WhiteElo "1957"]
[BlackElo "2074"]
[PlyCount "106"]
[WhiteFideId "24676934"]
[BlackFideId "24629383"]
[EventCountry "GER"]
[EventRounds "9"]
[EventType "swiss"]
[EventDate "2010.05.22"]

1. e4 c5 2. Nf3 d6 3. d4 cxd4 4. Nxd4 Nf6 5. Nc3 g6 6. f4 Nc6 7. Nxc6 bxc6 8.
e5 Nd7 9. exd6 exd6 10. Bc4 Nf6 11. Be3 Bg7 12. O-O O-O 13. Bd4 Bf5 14. Qd2 d5
15. Bb3 Re8 16. Rfe1 Qd7 17. Be5 Rad8 18. Qd4 Nh5 19. Bxg7 Nxg7 20. Rad1 Ne6
21. Qf2 Qc7 22. g3 Qa5 23. Qf3 h5 24. Qf2 Nc5 25. Qd2 Qb6 26. Rxe8+ Rxe8 27.
Kg2 Ne4 28. Nxe4 Bxe4+ 29. Kf1 h4 30. c4 h3 31. Qf2 Bg2+ 32. Kg1 Qa5 33. cxd5
cxd5 34. Qd2 Qb6+ 35. Qf2 Re2 36. Qxb6 axb6 37. Bxd5 Bxd5 38. Rxd5 Rxb2 39. f5
Rg2+ 40. Kh1 Rxa2 41. Rd1 Rb2 42. fxg6 fxg6 43. Kg1 Kg7 44. Rd3 b5 45. g4 Rg2+
46. Kh1 Rxg4 47. Rd7+ Kf6 48. Rd6+ Kg5 49. Rxg6+ Kf5 50. Rd6 Rg7 51. Rd5+ Ke4
52. Rd4+ Kf3 53. Rd3+ Ke4 1/2-1/2

[Event "DEM U16 2010"]
[Site "Oberhof GER"]
[Date "2010.05.25"]
[Round "4"]
[White "Dünzel, Jonas"]
[Black "Müller, Tobias"]
[Result "1-0"]
[Termination "normal"]
[Board "1"]
[WhiteElo "2037"]
[BlackElo "1998"]
[PlyCount "113"]
[WhiteFideId "24631167"]
[BlackFideId "24643394"]
[EventCountry "GER"]
[EventRounds "9"]
[EventType "swiss"]
[EventDate "2010.05.22"]

1. d4 d5 2. c4 e6 3. Nf3 Nf6 4. g3 c5 5. cxd5 exd5 6. Bg2 Nc6 7. Nc3 Be7 8.
dxc5 Bxc5 9. O-O O-O 10. Bg5 d4 11. Bxf6 Qxf6 12. Ne4 Qe7 13. Nxc5 Qxc5 14. Rc1
Qb6 15. Qd2 Be6 16. b3 Rfd8 17. Rfd1 Rd7 18. Ne1 Rad8 19. Nd3 Rd6 20. Rc5 g6
21. Qg5 f6 22. Qc1 Nb4 23. Nxb4 Qxb4 24. Be4 R6d7 25. Qc2 b6 26. Rc6 Qe7 27.
Qd3 Bd5 28. Bxd5+ Rxd5 29. Qc4 Kf8 30. Rc7 R5d7 31. Rxd7 Qxd7 32. Rd3 Qe7 33.
Qc2 Kg7 34. Qd2 Re8 35. Rxd4 Qxe2 36. Qxe2 Rxe2 37. Rd7+ Kh6 38. Rxa7 Kg5 39.
Rxh7 Rxa2 40. Rb7 Ra6 41. b4 Kg4 42. Kg2 f5 43. b5 Ra2 44. Rxb6 g5 45. Rc6 f4
46. Rf6 fxg3 47. hxg3 Rb2 48. b6 Kh5 49. Kf3 g4+ 50. Ke4 Kg5 51. Rc6 Rxf2 52.
Rc5+ Kf6 53. Rb5 Re2+ 54. Kd5 Rd2+ 55. Kc6 Rc2+ 56. Rc5 Rb2 57. Kc7 1-0

[Event "DEM U16 2010"]
[Site "Oberhof GER"]
[Date "2010.05.25"]
[Round "4"]
[White "Bräuer, Franz"]
[Black "Kotainy, Jens"]
[Result "1/2-1/2"]
[Termination "normal"]
[Board "2"]
[WhiteElo "1993"]
[BlackElo "2243"]
[PlyCount "100"]
[WhiteFideId "24634468"]
[BlackFideId "24670499"]
[EventCountry "GER"]
[EventRounds "9"]
[EventType "swiss"]
[EventDate "2010.05.22"]

1. e4 c5 2. Nf3 e6 3. d3 Nc6 4. g3 g6 5. d4 cxd4 6. Nxd4 Bg7 7. Nb5 d5 8. exd5
exd5 9. N1c3 a6 10. Na3 Nge7 11. Bg2 Be6 12. O-O b5 13. Ne2 b4 14. Nb1 O-O 15.
a3 a5 16. Nf4 Qd7 17. Nd2 Nd4 18. Nxe6 fxe6 19. axb4 axb4 20. Rxa8 Rxa8 21. c3
bxc3 22. bxc3 Nb5 23. c4 Nc3 24. Qb3 Qc8 25. Kh1 Rb8 26. Qa3 Nf5 27. cxd5 exd5
28. Nf3 Qc4 29. Bf4 Re8 30. Qa7 Qa4 31. Qxa4 Nxa4 32. g4 Nh6 33. h3 Nc3 34. Be3
Nf7 35. Nd4 Ne5 36. Rc1 Ne4 37. Bf1 Bf8 38. Nb5 Bb4 39. Rd1 Nc4 40. Rxd5 Nxe3
41. fxe3 Ng3+ 42. Kg2 Nxf1 43. Kxf1 Rxe3 44. Kg2 Kg7 45. Nd4 Kf6 46. Nf3 h6 47.
Rb5 Bd6 48. Rb6 Ke7 49. Rb7+ Kf6 50. Rb6 Ke7 1/2-1/2

[Event "DEM U16 2010"]
[Site "Oberhof GER"]
[Date "2010.05.25"]
[Round "4"]
[White "Friedrich, Wiede"]
[Black "Miller, Eduard"]
[Result "0-1"]
[Termination "normal"]
[Board "3"]
[WhiteElo "2138"]
[BlackElo "2033"]
[PlyCount "94"]
[WhiteFideId "24629537"]
[BlackFideId "24687022"]
[EventCountry "GER"]
[EventRounds "9"]
[EventType "swiss"]
[EventDate "2010.05.22"]

1. e4 e5 2. Nf3 d6 3. d4 exd4 4. Nxd4 Nf6 5. Nc3 Be7 6. Bf4 O-O 7. Be2 d5 8.
exd5 Bb4 9. Ndb5 Nxd5 10. Bxc7 Nxc3 11. bxc3 Bxc3+ 12. Kf1 Qf6 13. Rb1 Be6 14.
Qd3 Be5 15. Bxe5 Qxe5 16. Qg3 Nc6 17. Qxe5 Nxe5 18. f4 Ng6 19. Rb4 Bxa2 20. Kf2
a5 21. Ra4 Bd5 22. Rd1 Bc6 23. g3 Ne7 24. c4 g6 25. Bf3 b6 26. Bxc6 Nxc6 27.
Nc7 Rad8 28. Nd5 Nb4 29. Rxb4 axb4 30. Rb1 b5 31. Ne7+ Kg7 32. cxb5 Rfe8 33.
Nc6 Rd2+ 34. Kf3 Rd3+ 35. Kf2 b3 36. b6 Rc3 37. Na5 Rc2+ 38. Kf3 b2 39. b7 f5
40. g4 Rb8 41. gxf5 gxf5 42. Kg3 Rc5 43. Rxb2 Rxa5 44. Kh4 Ra7 45. Kh5 Rbxb7
46. Rxb7+ Rxb7 47. h4 Kf6 0-1

[Event "DEM U16 2010"]
[Site "Oberhof GER"]
[Date "2010.05.25"]
[Round "4"]
[White "Göbel, Constantin"]
[Black "Hager, Joshua Aarash"]
[Result "1-0"]
[Termination "normal"]
[Board "4"]
[WhiteElo "2011"]
[BlackElo "2221"]
[PlyCount "73"]
[WhiteFideId "24647071"]
[BlackFideId "24642789"]
[EventCountry "GER"]
[EventRounds "9"]
[EventType "swiss"]
[EventDate "2010.05.22"]

1. e4 e5 2. Nf3 Nc6 3. Bb5 Nf6 4. d3 d6 5. c3 g6 6. Nbd2 Bg7 7. O-O O-O 8. Re1
Bd7 9. Ba4 Qe8 10. Bb3 Nh5 11. Nf1 Kh8 12. d4 h6 13. Ne3 f5 14. exf5 gxf5 15.
dxe5 Nxe5 16. Nxe5 dxe5 17. Nd5 Rc8 18. f4 c6 19. Nb4 c5 20. Nd5 c4 21. Bc2 Bc6
22. Nb4 Rd8 23. Qe2 Nxf4 24. Bxf4 exf4 25. Qxc4 Qg6 26. Nxc6 Rd2 27. Re2 Rxe2
28. Qxe2 Qxc6 29. Qf2 Be5 30. Re1 Bc7 31. Qd4+ Rf6 32. Re8+ Kg7 33. Re7+ Kg6
34. Bxf5+ Kxf5 35. Qd3+ Kg5 36. Rg7+ Rg6 37. h4+ 1-0

[Event "DEM U16 2010"]
[Site "Oberhof GER"]
[Date "2010.05.25"]
[Round "4"]
[White "Hampel, Felix"]
[Black "Zimmermann, Ulrich"]
[Result "1-0"]
[Termination "normal"]
[Board "5"]
[WhiteElo "2038"]
[BlackElo "2022"]
[PlyCount "105"]
[WhiteFideId "24668125"]
[BlackFideId "24654523"]
[EventCountry "GER"]
[EventRounds "9"]
[EventType "swiss"]
[EventDate "2010.05.22"]

1. e4 d5 2. exd5 Qxd5 3. Nc3 Qa5 4. d4 Nf6 5. Bc4 Nc6 6. Nge2 Be6 7. Bxe6 fxe6
8. O-O O-O-O 9. Qd3 e5 10. Qh3+ Kb8 11. dxe5 Nxe5 12. Bf4 Nc6 13. a3 Qh5 14.
Qe6 g5 15. Bg3 Qg4 16. Qxg4 Nxg4 17. h3 Nh6 18. Rad1 Bg7 19. Rxd8+ Rxd8 20. Rd1
Rxd1+ 21. Nxd1 Nf5 22. Bh2 Kc8 23. f4 Ncd4 24. Nxd4 Nxd4 25. fxg5 Nxc2 26. Kf2
c5 27. g4 b5 28. Kf3 Kd7 29. Ke4 Ke6 30. Nc3 Nxa3 31. Bg1 b4 32. Na4 Nc4 33.
Nxc5+ Kf7 34. b3 Nd6+ 35. Kd5 Bc3 36. Be3 Be1 37. Nd3 Bc3 38. Bxa7 Nb5 39. Be3
Na3 40. Ne5+ Kg8 41. Bc5 Nc2 42. Nc6 e5 43. Bd6 Ne3+ 44. Ke4 Nc2 45. Bxe5 Na1
46. Na5 Kf7 47. Bxc3 bxc3 48. Kd3 c2 49. Kd2 Nxb3+ 50. Nxb3 Kg6 51. h4 h6 52.
gxh6 Kxh6 53. Kxc2 1-0

[Event "DEM U16 2010"]
[Site "Oberhof GER"]
[Date "2010.05.25"]
[Round "4"]
[White "Sarchisov, Slavik"]
[Black "Wenninger, Philipp"]
[Result "1/2-1/2"]
[Termination "normal"]
[Board "6"]
[WhiteElo "2102"]
[BlackElo "1996"]
[PlyCount "89"]
[WhiteFideId "24647888"]
[BlackFideId "4648404"]
[EventCountry "GER"]
[EventRounds "9"]
[EventType "swiss"]
[EventDate "2010.05.22"]

1. e4 c6 2. d4 d5 3. e5 Bf5 4. Nf3 e6 5. Be2 Nd7 6. O-O Ne7 7. Nbd2 Nc8 8. c4
dxc4 9. Nxc4 Be7 10. Qb3 Ndb6 11. Na5 Rb8 12. Bd2 O-O 13. Rac1 Qd7 14. Bb4 Be4
15. Bxe7 Nxe7 16. Qc3 Rfd8 17. Nb3 Ned5 18. Qd2 Qe7 19. Ng5 Bg6 20. Nc5 h6 21.
Nf3 Nd7 22. Nd3 Rbc8 23. Nf4 Nxf4 24. Qxf4 Nb6 25. Rfd1 Rd7 26. Bd3 Bxd3 27.
Rxd3 Rcd8 28. Nd2 Nd5 29. Qg4 f5 30. exf6 Nxf6 31. Qh4 Nd5 32. Qxe7 Nxe7 33.
Nf3 Nf5 34. Rc4 c5 35. Rxc5 Nxd4 36. Rxd4 Rxd4 37. Nxd4 Rxd4 38. Kf1 Rb4 39. b3
Kf7 40. Ke2 Rb6 41. Kd3 Rd6+ 42. Kc3 Rd7 43. b4 Ke7 44. a4 Kd6 45. f3 1/2-1/2